Food industry and world market / (Record no. 25189)

MARC details
000 -LEADER
fixed length control field 00771nam a22002057a 4500
008 - FIXED-LENGTH DATA ELEMENTS--GENERAL INFORMATION
fixed length control field 090313t xxu||||| |||| 00| 0 eng d
010 ## - LCCN (DPL NO)
LC control number ENG-93212
020 ## - INTERNATIONAL STANDARD BOOK NUMBER
International Standard Book Number 9788188038831
Terms of availability 175.00
035 ## - SYSTEM CONTROL NUMBER
System control number EN-76745
037 ## - SOURCE OF ACQUISITION
Source of stock number/acquisition DBAD / PUB
040 ## - CATALOGING SOURCE
Original cataloging agency dpl
Language of cataloging English
082 ## - DEWEY DECIMAL CLASSIFICATION NUMBER
Classification number 338.47664
100 ## - MAIN ENTRY--PERSONAL NAME
Personal name Maria Doss, P.
245 ## - TITLE STATEMENT
Title Food industry and world market /
Statement of responsibility, etc by P. Maria Doss
260 ## - PUBLICATION, DISTRIBUTION, ETC. (IMPRINT)
Place of publication, distribution, etc Chennai
Name of publisher, distributor, etc Arumbu Publications
Date of publication, distribution, etc 2008
270 ## - ADDRESS
Address 49, Taylores Road, Kilpauk,
City Chennai
Postal code 600010
300 ## - PHYSICAL DESCRIPTION
Extent 179p.
Dimensions 21cm (pbk)
942 ## - ADDED ENTRY ELEMENTS (KOHA)
Source of classification or shelving scheme Dewey Decimal Classification
Item type English Books
Call number suffix MAR
Classification part 338.47664
Holdings
Withdrawn status Lost status Source of classification or shelving scheme Damaged status Not for loan Collection code Home library Current library Date acquired Source of acquisition Cost, normal purchase price Total Checkouts Full call number Barcode Date last seen Copy number Cost, replacement price Koha item type
    Dewey Decimal Classification   Not For Loan Non-fiction D.B.Act.Division D.B.Act.Division 13/03/2009 DBAD / PUB 175.00   338.47664 MAR EN-76745 13/03/2009 1 175.00 English Books

© Delhi Public Library
Hit Counter
free hit counter